The idea of nature in Disney animation : from Snow White to WALL-E /

Bibliographic Details
Main Author: Whitley, David
Corporate Author: ebrary, Inc
Format: eBook
Language:English
Published: Farnham, Surrey : Ashgate, [2012]
Edition:Second Edition.
Series:Ashgate studies in childhood, 1700 to the present.
Subjects:
Online Access:Connect to the full text of this electronic book

MARC

Tag First Indicator Second Indicator Subfields
LEADER 00000cam a22000001i 4500
001 in00002777051
006 m||||||||d||||||||
007 cr |n|||||||||
008 120726s20122012enk ob 001 0 eng d
005 20250816213722.3
020 |a 1409437507 (electronic bk.) 
020 |a 9781409437505 (electronic bk.) 
020 |z 9781409437482 (hardcover : alk. paper) 
020 |z 1409437485 (hardcover : alk. paper) 
020 |z 9781409437499 (pbk. : alk. paper) 
020 |z 1409437493 (pbk. : alk. paper) 
035 |a (NhCcYBP)ebr10556674 
035 |a (OCoLC)ocn794494108 
040 |a NhCcYBP  |c NhCcYBP  |d UtOrBLW 
043 |a n-us--- 
050 4 |a NC1766.U52  |b D594 2012eb 
082 0 4 |a 791.43/66  |2 23 
100 1 |a Whitley, David. 
245 1 4 |a The idea of nature in Disney animation :  |b from Snow White to WALL-E /  |c David Whitley. 
250 |a Second Edition. 
264 1 |a Farnham, Surrey :  |b Ashgate,  |c [2012] 
264 4 |c ©2012 
300 |a 1 online resource (187 pages) 
336 |a text  |b txt  |2 rdacontent 
337 |a computer  |b c  |2 rdamedia 
338 |a online resource  |b cr  |2 rdacarrier 
490 1 |a Ashgate studies in childhood, 1700 to the present 
504 |a Includes bibliographical references and index. 
505 0 |a Part 1: Fairy Tale Adaptations -- 1 Domesticating Nature: Snow White and Fairy Tale Adaptation -- 2 Healing the Rift: Human and Animal Nature in The Little Mermaid and Beauty and the Beast -- Part 3: Tropical Environments -- 5 The Jungle Book: Nature and the Politics of Identity -- 6 Tropical Discourse: Unstable Ecologies in Tarzan, The Lion King and Finding Nemo -- Part 4: New Developments -- 7 WALL-E: Nostalgia and the Apocalypse of Trash -- Conclusion. 
500 |a Electronic resource. 
600 1 0 |a Disney, Walt,  |d 1901-1966  |x Criticism and interpretation. 
650 0 |a Nature in motion pictures. 
650 0 |a Animated films and children  |z United States. 
650 0 |a Animated films  |x Psychological aspects. 
650 0 |a Animated films  |x Social aspects  |z United States. 
655 7 |a Electronic books.  |2 local 
710 2 |a ebrary, Inc. 
776 1 |c Original  |z 9781409437482  |z 1409437485  |z 9781409437499  |z 1409437493  |z 1409437507  |w (DLC) 2012006283 
830 0 |a Ashgate studies in childhood, 1700 to the present. 
856 4 0 |u https://ebookcentral.proquest.com/lib/tamucs/detail.action?docID=906957  |y Connect to the full text of this electronic book  |t 0 
948 |a cataloged  |b h  |c 2014/10/14  |d c  |e jlanham  |f 2:30:48 pm 
999 f f |s a6cb5673-cfbc-3f51-b1c7-349d0ef71853  |i b08d70a2-fe33-315b-8a2e-06f21f0811c0  |t 0 
999 |a MARS 
952 f f |a Texas A&M University  |b College Station  |c Electronic Resources  |d Available Online  |t 0  |e NC1766.U52 D594 2012eb  |h Library of Congress classification 
998 f f |a NC1766.U52 D594 2012eb  |t 0  |l Available Online